000 00908nam a2200265Ia 4500
008 130821s2008 sp gr spa
020 _a9788420635248
040 _aCo-BoUCM
_bspa
041 0 0 _aspa
100 1 _aDescartes, René
_d1596-1650
245 1 0 _aDiscurso del método
_cRene Descartes; traduccion, estudio preliminar y notas de Risieri Frondizi
260 _aMadrid (España)
_bAlianza Editorial
_c2008
300 _a195 páginas
490 _aEl Libro de Bolsillo.
_pHumanidades.
_pFilosofia
_vH4406
650 0 4 _aEscepticismo
_914754
650 0 4 _aFilosofía francesa
_915814
650 0 4 _aFilosofía moderna
_915835
650 0 4 _aFilosofía
_975
650 0 4 _aRacionalismo
_923022
650 0 4 _aTeoría del conocimiento
_9403
700 1 _aFlorian, Victor
_etrad.
765 _aDiscours de la méthode
942 _cLIBRO
_a2
_e1
_mD445di
_2DEWEY
_h194
999 _c61177
_d61177